000 00499nam a2200181Ia 4500
003 IN-BaIIA
008 211028s9999 xx 000 0 eng d
040 _cIIA Library
080 _a770
_bMEE
100 _aMees, Kenneth C. E.
_91830
245 4 _aThe theory of the photographic process
_cC. E. Kenneth Mees
260 _aNew York
_bMacmillan
_c1945
300 _ax, 1124p.
650 _aNASA Thesaurus
650 _aPhotographic sensitivity
_92072
650 _aPhotography
_92073
942 _cBK
999 _c964
_d964